000 00314nam a2200133Ia 4500
008 240624s9999 xx 000 0 und d
041 _aeng
082 _a823 GHO
100 _aGHOSE SAGARIKA
245 _aGIN DRINKERS
260 _c2011
_aNew Delhi
_bHarperCollins
300 _a345 : p. : cm. ; 21
365 _cRS
999 _c22797
_d22797